[Event "IND-ch U13 Girls 35th"]
[Site "Puducherry"]
[Date "2022.12.15"]
[Round "7"]
[White "Nafila, A."]
[Black "Sanikommu, Manasvi"]
[Result "0-1"]
[WhiteElo "1268"]
[BlackElo "1375"]
[PlyCount "104"]
[EventDate "2022.12.11"]
[EventType "swiss"]
[EventRounds "11"]
[EventCountry "IND"]
[SourceTitle "EXT 2024"]
[Source "ChessBase"]
[SourceDate "2023.10.10"]
[SourceVersion "1"]
[SourceVersionDate "2023.10.10"]
[SourceQuality "1"]

1. e4 c5 2. Nf3 d6 3. d4 cxd4 4. Nxd4 Nf6 5. Nc3 g6 6. Be3 Bg7 7. Be2 Nc6 8. 0-0 0-0 9. f4 Bd7 10. Kh1 Qa5 11. Nb3 Qd8 12. Qd2 Bg4 13. Rad1 Bxe2 14. Qxe2 Qc8 15. h3 Kh8 16. Bc1 Ng8 17. Rf3 f5 18. a3 Rb8 19. Nb5 a6 20. N5d4 Nxd4 21. Nxd4 e5 22. Nb3 Qe6 23. exf5 gxf5 24. fxe5 Qxe5 25. Qf2 Nf6 26. Nd4 Ne4 27. Qe1 f4 28. Ne2 Bh6 29. Nc3 Rbe8 30. Qh4 Bg5 31. Qg4 Nf6 32. Bxf4 Qe1+ 33. Rxe1 Rxe1+ 34. Kh2 Nxg4+ 35. hxg4 Bxf4+ 36. Rxf4 Rxf4 37. Kg3 Rc4 38. g5 Rxc3+ 39. bxc3 Re3+ 40. Kf4 Rxc3 41. Kf5 Rxc2 42. g4 Re2 43. Kf6 d5 44. g6 hxg6 45. Kxg6 d4 46. Kf6 d3 47. g5 d2 48. g6 d1Q 49. g7+ Kg8 50. Kf5 Qf1+ 51. Kg4 Rg2+ 52. Kh3 Qh1# 0-1